[Event "Valladolid op"]
[Site "Valladolid"]
[Date "2012.03.01"]
[Round "3"]
[White "Merino Bravo, Alejandro"]
[Black "Novo Sanjurjo, Antonio"]
[Result "0-1"]
[WhiteElo "1680"]
[BlackElo "1413"]
[PlyCount "52"]
[EventDate "2012.02.16"]
[EventType "swiss"]
[EventRounds "7"]
[EventCountry "ESP"]
[SourceTitle "EXT 2014"]
[Source "ChessBase"]
[SourceDate "2013.11.20"]
[SourceVersion "1"]
[SourceVersionDate "2013.11.20"]
[SourceQuality "1"]

1. e4 e5 2. Bc4 Bc5 3. d3 Nf6 4. h3 d5 5. exd5 Nxd5 6. Nf3 Qd6 7. 0-0 c6 8. Re1 Nd7 9. a3 0-0 10. b4 Bd4 11. c3 Nxc3 12. Qc2 b5 13. Bxf7+ Rxf7 14. Nxc3 Bb7 15. Qb3 Raf8 16. Ng5 Bxf2+ 17. Kh1 Bxe1 18. Nxf7 Rxf7 19. Ne4 Qg6 20. Ng5 Qf6 21. Nxf7 Kf8 22. Ng5 Qf1+ 23. Kh2 c5 24. Qa2 c4 25. dxc4 Bf2 26. Ne6+ Kg8 0-1